| 000 | 00633nam a22002297a 4500 | ||
|---|---|---|---|
| 001 | BR9505422 | ||
| 003 | BR-BrBNA | ||
| 005 | 20230928094659.0 | ||
| 007 | ta | ||
| 008 | 230509b bl.||||| |||| 00| 0 por d | ||
| 040 |
_aBR-BrBNA _bpor _cBiblioteca Nacional de Agricultura |
||
| 041 | _a(Por) | ||
| 072 | _aE50 | ||
| 090 | _ E50 BR9505422 | ||
| 110 | 1 |
_aEmpresa de Assistencia Tecnica e Extensao Rural da Bahia, Salvador (Brasil) _93986 |
|
| 245 | 1 | _aProjeto juventude rural | |
| 260 | 3 |
_aSalvador, BA (Brasil): _c[nd]. |
|
| 300 | _a11 p. | ||
| 650 | _aJuventude Rural | ||
| 909 |
_a202309 _bLucia _c55 _dLucia Elande |
||
| 942 | _cBK | ||
| 999 |
_c52047 _d52047 |
||